000 00205 a2200097 4500
001 2264
100 _aJudge, A W
245 _aHand book of aircraft engines
260 _a
_bChapman
_c
090 _c1641
_d1641
942 _aNUST-CAE
_cM
_c7125
999 _c237337
_d237337